The Now Now Tracklist (Gorillaz) - Statistics

General Stats
  • This quiz has been taken 30 times
  • The average score is 10 of 11
Answer Stats
Hint Answer % Correct
3 Hollywood(feat. Snoop Dogg & Jamie Principle)
96%
6 Idaho
96%
2 Tranz
96%
9 Fire Flies
92%
1 Humility(feat. George Benson)
92%
4 Kansas
92%
7 Lake Zurich
85%
8 Magic City
85%
11 Souk Eye
85%
5 Sorcererz
81%
10 One Percent
77%
No matching quizzes found
Score Distribution
Percent of People with Each Score
Percentile by Number Answered
Your Score History
You have not taken this quiz